[Event "IECG CM.2003.0.00225 email"]
[Site "IECG email"]
[Date "2003.07.05"]
[Round "?"]
[White "Grafen, Denis"]
[Black "Weiss, Albert"]
[Result "1-0"]
[WhiteElo "2288"]
[BlackElo "2321"]
[PlyCount "93"]
[EventDate "2003.07.05"]
[EventType "tourn (corr)"]
[EventRounds "6"]
[SourceTitle "Corr 2008"]
[Source "ChessBase"]
[SourceDate "2008.06.24"]
[SourceVersion "1"]
[SourceVersionDate "2008.06.24"]
[SourceQuality "1"]

1. e4 e5 2. Nf3 Nc6 3. Bb5 a6 4. Ba4 Nf6 5. 0-0 b5 6. Bb3 Bc5 7. a4 Rb8 8. c3 d6 9. d4 Bb6 10. Na3 b4 11. Nc4 bxc3 12. dxe5 dxe5 13. Ncxe5 Qxd1 14. Bxf7+ Kf8 15. Rxd1 Nxe5 16. Nxe5 Bg4 17. Rd3 Be2 18. Rxc3 Bd4 19. Nc6 Bxc3 20. Nxb8 Kxf7 21. Nc6 Nxe4 22. bxc3 Re8 23. f3 Nxc3 24. Bb2 Nd5 25. Re1 Bc4 26. Rxe8 Kxe8 27. Bxg7 Bb3 28. a5 Ba4 29. Ne5 c5 30. Nd3 c4 31. Nc5 Bb5 32. Ne4 Kf7 33. Bb2 Nb4 34. Bc3 Nd5 35. Kf2 Ke6 36. g4 Be8 37. Bd4 Nf4 38. Ke3 Ng2+ 39. Kd2 Bc6 40. Ng5+ Kd5 41. Kc3 Nf4 42. Be3 Ne2+ 43. Kd2 Nd4 44. Bxd4 Kxd4 45. f4 c3+ 46. Kc1 Bd5 47. Nxh7 1-0

[Event "IECG CM.2003.0.00224 email"]
[Site "IECG email"]
[Date "2003.06.20"]
[Round "?"]
[White "Braun, Ingram H"]
[Black "Weiss, Albert"]
[Result "1/2-1/2"]
[WhiteElo "2237"]
[BlackElo "2321"]
[PlyCount "37"]
[EventDate "2003.06.20"]
[EventType "tourn (corr)"]
[EventRounds "6"]
[SourceTitle "Corr 2008"]
[Source "ChessBase"]
[SourceDate "2008.06.24"]
[SourceVersion "1"]
[SourceVersionDate "2008.06.24"]
[SourceQuality "1"]

1. e4 e5 2. f4 exf4 3. Bc4 Nf6 4. Nc3 c6 5. Bb3 d5 6. exd5 Nxd5 7. Nxd5 cxd5 8. d4 Qh4+ 9. Kf1 Be6 10. Nf3 Qd8 11. Bxf4 Bd6 12. Bxd6 Qxd6 13. Kf2 0-0 14. Rf1 Nc6 15. Kg1 Bd7 16. c3 Na5 17. Qd3 Nxb3 18. axb3 f6 19. Rfe1 1/2-1/2

[Event "IECG CM.2003.0.00224 email"]
[Site "IECG email"]
[Date "2003.06.20"]
[Round "?"]
[White "Weiss, Albert"]
[Black "Kund, Wolfgang"]
[Result "0-1"]
[WhiteElo "2321"]
[BlackElo "2206"]
[PlyCount "126"]
[EventDate "2003.06.20"]
[EventType "tourn (corr)"]
[EventRounds "6"]
[SourceTitle "Corr 2008"]
[Source "ChessBase"]
[SourceDate "2008.06.24"]
[SourceVersion "1"]
[SourceVersionDate "2008.06.24"]
[SourceQuality "1"]

1. b3 d5 2. Bb2 Bg4 3. h3 Bh5 4. Nf3 Bxf3 5. exf3 Nf6 6. Bd3 Nc6 7. 0-0 Qd6 8. Re1 e6 9. a4 Be7 10. Ba3 Qf4 11. g3 Qd4 12. Nc3 Bxa3 13. Nb5 Qb6 14. Nxa3 0-0 15. c3 Rfe8 16. Nc2 e5 17. b4 a5 18. Rb1 axb4 19. Nxb4 Nxb4 20. Rxb4 Qa7 21. Qb1 b6 22. Bc2 Qa6 23. Re3 Qc8 24. Kg2 Qd7 25. d4 exd4 26. cxd4 Qc6 27. Qc1 Kf8 28. Qd2 Rxe3 29. fxe3 Kg8 30. Rb5 h6 31. Bd1 g6 32. Bc2 Qe6 33. Bb3 Qd6 34. Qb4 Qc6 35. Qe1 Re8 36. Qd2 Kg7 37. Bd1 Qe6 38. Rb3 Nh7 39. a5 bxa5 40. Qxa5 Ng5 41. g4 Qd6 42. Rc3 c6 43. Qa3 Qf6 44. Qc1 Rc8 45. Be2 Rc7 46. Rc2 Kg8 47. f4 Ne4 48. Bd3 Qe6 49. Kh2 g5 50. Ra2 gxf4 51. exf4 Re7 52. Ra8+ Kg7 53. Bf1 Qf6 54. Qe3 Nd6 55. Qf2 Re4 56. f5 Rxd4 57. Kh1 Rd1 58. Qf4 Rb1 59. Kg2 Ne4 60. Ra2 Rb2+ 61. Rxb2 Qxb2+ 62. Kg1 Qd4+ 63. Kh2 c5 0-1

[Event "IECG CM.2003.0.00224 email"]
[Site "IECG email"]
[Date "2003.06.20"]
[Round "?"]
[White "Weiss, Albert"]
[Black "Wheeler, James M"]
[Result "0-1"]
[WhiteElo "2321"]
[BlackElo "2291"]
[PlyCount "88"]
[EventDate "2003.06.20"]
[EventType "tourn (corr)"]
[EventRounds "6"]
[SourceTitle "Corr 2008"]
[Source "ChessBase"]
[SourceDate "2008.06.24"]
[SourceVersion "1"]
[SourceVersionDate "2008.06.24"]
[SourceQuality "1"]

1. d4 Nf6 2. c4 g6 3. Nc3 d5 4. Nf3 Bg7 5. Qb3 dxc4 6. Qxc4 0-0 7. e4 Nc6 8. Be2 Bg4 9. d5 Na5 10. Qa4 Bxf3 11. Bxf3 c6 12. 0-0 b5 13. Qb4 a6 14. Bg5 Re8 15. Rad1 Nd7 16. d6 f6 17. dxe7 Qxe7 18. Qxe7 Rxe7 19. Bh4 Nc4 20. b3 Nce5 21. Be2 g5 22. Bg3 Nf7 23. Bd6 Ree8 24. Bg4 Nde5 25. Bf5 Nh6 26. f3 Nxf5 27. exf5 Nf7 28. Bc7 Re7 29. Bb6 a5 30. Ne4 a4 31. Bd4 Ne5 32. b4 Rae8 33. Bxe5 Rxe5 34. Rd7 h5 35. Rfd1 g4 36. Kf2 gxf3 37. gxf3 R8e7 38. Rxe7 Rxe7 39. Rd6 Re5 40. Rxc6 Rxf5 41. a3 Rd5 42. Rc5 Rxc5 43. bxc5 f5 44. c6 Be5 0-1

[Event "IECG CM.2002.0.00203 email"]
[Site "IECG email"]
[Date "2002.12.05"]
[Round "?"]
[White "Weiss, Albert"]
[Black "Massimini Gerbino, Massimiliano"]
[Result "1/2-1/2"]
[WhiteElo "2310"]
[BlackElo "2205"]
[PlyCount "71"]
[EventDate "2002.12.05"]
[EventType "tourn (corr)"]
[EventRounds "6"]
[SourceTitle "Corr 2008"]
[Source "ChessBase"]
[SourceDate "2008.06.24"]
[SourceVersion "1"]
[SourceVersionDate "2008.06.24"]
[SourceQuality "1"]

1. e4 c5 2. Nf3 d6 3. Bb5+ Bd7 4. Bxd7+ Qxd7 5. 0-0 e6 6. d4 cxd4 7. Nxd4 Nf6 8. Nc3 Be7 9. Be3 0-0 10. Qe2 Nc6 11. Rad1 Qc8 12. f4 d5 13. exd5 exd5 14. Nb3 Rd8 15. a3 Re8 16. Qd3 a5 17. Na4 Bd8 18. Rfe1 Qg4 19. g3 h5 20. Bb6 Re4 21. Bxd8 Rxd8 22. Nac5 Rxe1+ 23. Rxe1 Qc8 24. Qb5 Re8 25. Re2 Rxe2 26. Qxe2 h4 27. Kg2 b6 28. Na4 d4 29. Kg1 hxg3 30. hxg3 Qh3 31. Qg2 Qe6 32. Nd2 Ne7 33. Qa8+ Kh7 34. Qh1+ Kg6 35. Qf3 Ng4 36. Nxb6 1/2-1/2

[Event "IECG CM.2002.0.00178 email"]
[Site "IECG email"]
[Date "2002.04.12"]
[Round "?"]
[White "Peek, Marcel"]
[Black "Weiss, Albert"]
[Result "1/2-1/2"]
[WhiteElo "2341"]
[BlackElo "2307"]
[PlyCount "69"]
[EventDate "2002.04.12"]
[EventType "tourn (corr)"]
[EventRounds "6"]
[SourceTitle "Corr 2008"]
[Source "ChessBase"]
[SourceDate "2008.06.24"]
[SourceVersion "1"]
[SourceVersionDate "2008.06.24"]
[SourceQuality "1"]

1. d4 d5 2. c4 c6 3. Nf3 e6 4. Nc3 dxc4 5. Bg5 Qc7 6. g3 Nd7 7. Bg2 Ne7 8. e4 Ng6 9. 0-0 e5 10. d5 h6 11. Be3 Bc5 12. Qe2 Bxe3 13. Qxe3 0-0 14. Rfd1 Rd8 15. h4 Nf6 16. Qc5 Bg4 17. Qxc4 Qb6 18. dxc6 Qxc6 19. Qxc6 bxc6 20. Rxd8+ Rxd8 21. Rd1 Rxd1+ 22. Nxd1 Nxe4 23. Ne3 Bxf3 24. Bxf3 Nc5 25. Bxc6 Ne7 26. Bg2 f5 27. b4 Ne6 28. Nc4 e4 29. f3 exf3 30. Bxf3 Nd4 31. Bb7 Kf7 32. Kf2 g5 33. hxg5 hxg5 34. a3 f4 35. gxf4 1/2-1/2

[Event "IECG RM.2001.0.00002"]
[Site "IECG email"]
[Date "2001.05.20"]
[Round "?"]
[White "Weiss, Albert"]
[Black "Vujanovic, Aleksandar"]
[Result "1/2-1/2"]
[WhiteElo "2328"]
[BlackElo "2243"]
[PlyCount "74"]
[EventDate "2001.05.20"]
[EventType "tourn (corr)"]
[EventRounds "6"]
[SourceTitle "Corr 2008"]
[Source "ChessBase"]
[SourceDate "2008.06.24"]
[SourceVersion "1"]
[SourceVersionDate "2008.06.24"]
[SourceQuality "1"]

1. d4 d5 2. c4 c6 3. Nf3 Nf6 4. Nc3 e6 5. e3 Nbd7 6. Bd3 dxc4 7. Bxc4 b5 8. Bd3 a6 9. e4 c5 10. e5 cxd4 11. Nxb5 Nxe5 12. Nxe5 axb5 13. Bxb5+ Bd7 14. Nxd7 Qa5+ 15. Bd2 Qxb5 16. Nxf8 Rxf8 17. a4 Qc4 18. b3 Qd3 19. Bb4 Qe4+ 20. Kf1 Rg8 21. f3 Qd5 22. Rc1 d3 23. Rc5 Qd7 24. Rc4 Rb8 25. Kf2 Rd8 26. Re1 Qa7+ 27. Bc5 Qb8 28. Re3 d2 29. Kg1 Rd5 30. Bd4 Kd7 31. Qxd2 e5 32. Rb4 Qd6 33. Rb7+ Kd8 34. Bxe5 Rxd2 35. Bxd6 Rxd6 36. Rxf7 Re8 37. Rxe8+ Nxe8 1/2-1/2

[Event "IECG WC.2003.S.00008 email"]
[Site "IECG email"]
[Date "2001.04.01"]
[Round "?"]
[White "Weiss, Albert"]
[Black "Karabalis, Harilos"]
[Result "1/2-1/2"]
[WhiteElo "2330"]
[BlackElo "2143"]
[PlyCount "50"]
[EventDate "2001.04.01"]
[EventType "tourn (corr)"]
[EventRounds "8"]
[SourceTitle "Corr 2008"]
[Source "ChessBase"]
[SourceDate "2008.06.24"]
[SourceVersion "1"]
[SourceVersionDate "2008.06.24"]
[SourceQuality "1"]

1. d4 Nf6 2. c4 g6 3. Nc3 Bg7 4. e4 d6 5. Nf3 0-0 6. Be2 e5 7. 0-0 Nc6 8. d5 Ne7 9. b4 Nh5 10. Re1 Nf4 11. Bxf4 exf4 12. Rc1 h6 13. c5 g5 14. cxd6 cxd6 15. Nb5 Ng6 16. h3 Ne5 17. Qb3 Qb6 18. a4 a5 19. Rc7 Rd8 20. Nxe5 Bxe5 21. Rec1 Bd7 22. Bh5 Bxb5 23. Bxf7+ Kh8 24. axb5 Qd4 25. Ra1 Qxa1+ 1/2-1/2

[Event "IECG CM.1999.0.00073"]
[Site "IECG email"]
[Date "1999.??.??"]
[Round "?"]
[White "Goins, David A"]
[Black "Weiss, Albert"]
[Result "0-1"]
[WhiteElo "2295"]
[BlackElo "2270"]
[PlyCount "90"]
[EventDate "1999.03.25"]
[EventType "tourn (corr)"]
[EventRounds "6"]
[SourceTitle "Corr 2008"]
[Source "ChessBase"]
[SourceDate "2008.06.24"]
[SourceVersion "1"]
[SourceVersionDate "2008.06.24"]
[SourceQuality "1"]

1. e4 e6 2. d4 d5 3. Nd2 c5 4. exd5 exd5 5. Ngf3 Nf6 6. Bb5+ Bd7 7. Bxd7+ Nbxd7 8. 0-0 Be7 9. dxc5 Nxc5 10. Re1 0-0 11. Nf1 Re8 12. Be3 Rc8 13. Ng3 Qd7 14. Ne5 Qc7 15. Ng4 Nxg4 16. Qxg4 Bf6 17. c3 Nd3 18. Re2 Qc4 19. Qf3 Ne5 20. Qf5 Re6 21. Rae1 g6 22. Qb1 Ng4 23. Nf1 d4 24. cxd4 Bxd4 25. h3 Nxe3 26. b3 Qc5 27. Nxe3 Rce8 28. Qd3 Rd8 29. Qc4 b5 30. Qxc5 Bxc5 31. Kf1 f5 32. Nc2 Rxe2 33. Kxe2 Kf7 34. Rc1 Bb6 35. Nb4 g5 36. Rc6 Re8+ 37. Kf3 Re6 38. Rxe6 Kxe6 39. g4 f4 40. h4 gxh4 41. Nd3 Bc7 42. Kg2 Kd5 43. Nb4+ Ke4 44. f3+ Kd4 45. Nc6+ Ke3 0-1

[Event "IECG CM.1999.0.00073"]
[Site "IECG email"]
[Date "1999.??.??"]
[Round "?"]
[White "Weiss, Albert"]
[Black "Efendiyev, Enver Mikhailovich"]
[Result "1-0"]
[WhiteElo "2270"]
[BlackElo "2262"]
[PlyCount "55"]
[EventDate "1999.03.25"]
[EventType "tourn (corr)"]
[EventRounds "6"]
[SourceTitle "Corr 2008"]
[Source "ChessBase"]
[SourceDate "2008.06.24"]
[SourceVersion "1"]
[SourceVersionDate "2008.06.24"]
[SourceQuality "1"]

1. d4 d5 2. c4 e5 3. dxe5 d4 4. Nf3 Nc6 5. Nbd2 Be6 6. g3 Qd7 7. Bg2 0-0-0 8. a3 Bh3 9. Bxh3 Qxh3 10. b4 Nh6 11. b5 Na5 12. Qc2 c5 13. Ne4 d3 14. Qc3 Qf5 15. Nfd2 b6 16. exd3 g5 17. 0-0 Bg7 18. Bb2 Rhe8 19. Qc2 Bxe5 20. Bxe5 Rxe5 21. f4 gxf4 22. Rxf4 Qh5 23. Nf3 Rf5 24. g4 Nxg4 25. Ng3 Rxf4 26. Nxh5 Rxf3 27. Qe2 Rg8 28. Ng7 1-0

[Event "IECG CM.1999.0.00087"]
[Site "IECG email"]
[Date "1999.??.??"]
[Round "?"]
[White "Weiss, Albert"]
[Black "Monteverde, Italo"]
[Result "1/2-1/2"]
[WhiteElo "2296"]
[BlackElo "2319"]
[PlyCount "141"]
[EventDate "1999.08.30"]
[EventType "tourn (corr)"]
[EventRounds "6"]
[SourceTitle "Corr 2008"]
[Source "ChessBase"]
[SourceDate "2008.06.24"]
[SourceVersion "1"]
[SourceVersionDate "2008.06.24"]
[SourceQuality "1"]

1. e4 c5 2. Nf3 d6 3. Bb5+ Bd7 4. Bxd7+ Qxd7 5. 0-0 g6 6. d4 cxd4 7. Nxd4 Bg7 8. c4 Nc6 9. Ne2 Ne5 10. Qb3 Rc8 11. Na3 Nf6 12. f3 0-0 13. Be3 a6 14. Rac1 Nc6 15. Rfd1 Qc7 16. Bb6 Qb8 17. c5 dxc5 18. Rxc5 Ne5 19. Rxc8 Qxc8 20. f4 Nc6 21. e5 Nd7 22. Be3 Ndb8 23. Nc4 Rd8 24. Rxd8+ Nxd8 25. Nb6 Qf5 26. Qd1 Ndc6 27. Ng3 Qe6 28. Qd5 Qxd5 29. Nxd5 e6 30. Nc3 g5 31. fxg5 Bxe5 32. Nge4 Nd7 33. b3 Nb4 34. Bd2 Nd3 35. Kf1 Nb4 36. h4 Kf8 37. Ke2 Ke7 38. Bc1 Kd8 39. Ba3 Nc6 40. Kd2 Bf4+ 41. Kc2 Kc7 42. h5 b5 43. Ne2 Be5 44. Kd3 a5 45. g3 Kb6 46. Nf4 b4 47. Bc1 Ne7 48. a3 bxa3 49. Bxa3 Nf5 50. Ne2 Ba1 51. Bc1 Ne5+ 52. Kc2 Ng4 53. Bb2 Bxb2 54. Kxb2 Kc6 55. Ka3 Ng7 56. Ka4 Nxh5 57. Kxa5 f5 58. gxf6 Nhxf6 59. Nd2 e5 60. b4 e4 61. b5+ Kb7 62. Nc4 e3 63. b6 Ne4 64. Kb5 h5 65. Na5+ Kb8 66. Kc4 Nxg3 67. Nxg3 h4 68. Ne2 h3 69. Kd3 h2 70. Ng3 Nf6 71. Kxe3 1/2-1/2

[Event "IECG CM.1999.0.00087"]
[Site "IECG email"]
[Date "1999.??.??"]
[Round "?"]
[White "Weiss, Albert"]
[Black "Weber, Karlheinz"]
[Result "1-0"]
[WhiteElo "2296"]
[BlackElo "2416"]
[PlyCount "127"]
[EventDate "1999.08.30"]
[EventType "tourn (corr)"]
[EventRounds "6"]
[SourceTitle "Corr 2008"]
[Source "ChessBase"]
[SourceDate "2008.06.24"]
[SourceVersion "1"]
[SourceVersionDate "2008.06.24"]
[SourceQuality "1"]

1. c4 Nf6 2. Nc3 e5 3. Nf3 Nc6 4. g3 d5 5. cxd5 Nxd5 6. Bg2 Nb6 7. 0-0 Be7 8. a3 0-0 9. b4 Be6 10. Rb1 f6 11. d3 a5 12. b5 Nd4 13. Nd2 Bd5 14. Nxd5 Nxd5 15. Ne4 a4 16. e3 f5 17. exd4 fxe4 18. Bb2 exd4 19. Bxe4 Nc3 20. Bxc3 dxc3 21. Qc2 Qd4 22. Bxb7 Rab8 23. Bc6 Rbd8 24. Be4 Kh8 25. Qa2 Bc5 26. Kg2 Rf6 27. f4 h6 28. Rfe1 Re8 29. Re2 g5 30. f5 Bd6 31. Rc1 Re7 32. Kh1 Re5 33. Rec2 Rxe4 34. dxe4 Qxe4+ 35. Rg2 Rxf5 36. Qe2 Qxe2 37. Rxe2 Bxa3 38. Rxc3 Bd6 39. Re8+ Kg7 40. Rb8 a3 41. Kg2 Rd5 42. Rc2 g4 43. b6 cxb6 44. Rxb6 Kf6 45. Ra6 h5 46. Kf1 Ke5 47. Re2+ Kf5 48. Re8 Rd2 49. Ra5+ Kf6 50. Re2 Rd1+ 51. Kg2 Kg6 52. Rc2 Be7 53. Ra6+ Kf7 54. Ra7 Re1 55. Rc5 Re2+ 56. Kf1 Re6 57. Rxh5 Kg6 58. Rha5 Bb4 59. R5a6 Rxa6 60. Rxa6+ Kf5 61. Ke2 Be7 62. Kd3 Ke5 63. Ra5+ Kf6 64. Ke4 1-0

[Event "IECG email"]
[Site "IECG email"]
[Date "1997.??.??"]
[Round "?"]
[White "Bassi, Giancarlo"]
[Black "Weiss, Albert"]
[Result "1/2-1/2"]
[WhiteElo "2115"]
[BlackElo "2270"]
[PlyCount "139"]
[EventDate "1997.??.??"]
[EventType "tourn (corr)"]
[EventRounds "6"]
[SourceTitle "Corr 2004"]
[Source "ChessBase"]
[SourceDate "2003.04.28"]
[SourceVersion "3"]
[SourceVersionDate "2003.04.28"]
[SourceQuality "1"]

1. e4 e5 2. Nf3 Nc6 3. Bb5 a6 4. Bxc6 dxc6 5. 0-0 f6 6. d3 Bc5 7. Qe2 Be6 8. Be3 Bxe3 9. Qxe3 Ne7 10. Nbd2 0-0 11. Rfd1 Ng6 12. Nf1 Qe7 13. d4 Rad8 14. dxe5 Nxe5 15. Ng3 Rxd1+ 16. Rxd1 Nxf3+ 17. Qxf3 Bxa2 18. Nf5 Qb4 19. b3 Re8 20. h3 Qxe4 21. Qxe4 Rxe4 22. Ra1 Re5 23. Ne3 Ra5 24. Nc4 Ra4 25. bxa4 Bxc4 26. f4 Bd5 27. Kf2 Kf7 28. g4 f5 29. Ke3 Bg2 30. g5 c5 31. Rd1 Ke7 32. c3 a5 33. Kd3 b6 34. Kc4 c6 35. Kb3 b5 36. axb5 cxb5 37. c4 a4+ 38. Ka3 bxc4 39. Kxa4 Bf3 40. Rf1 Be4 41. Ka3 c3 42. Kb3 c2 43. Ra1 Kf7 44. Ra7+ Kg6 45. Kb2 c4 46. Rc7 h6 47. h4 Bd3 48. Kc1 h5 49. Kd2 Kh7 50. Rb7 Kg6 51. Rb6+ Kf7 52. g6+ Ke7 53. Rb7+ Kf6 54. Kc1 Be4 55. Rb6+ Ke7 56. Ra6 Bd3 57. Rc6 Be4 58. Rxc4 Kf6 59. Rc3 Kxg6 60. Rg3+ Kf7 61. Rg5 g6 62. Kd2 Kg7 63. Rg1 Kh7 64. Ke3 Kh8 65. Kd4 Bf3 66. Ra1 Kg7 67. Ke5 Bc6 68. Ke6 Bb7 69. Rc1 Be4 70. Ra1 1/2-1/2

[Event "IECG email"]
[Site "IECG email"]
[Date "1997.??.??"]
[Round "?"]
[White "Weiss, Albert"]
[Black "Acevedo Millan, Armando"]
[Result "1/2-1/2"]
[WhiteElo "2270"]
[BlackElo "2295"]
[PlyCount "60"]
[EventDate "1997.??.??"]
[EventType "tourn (corr)"]
[EventRounds "6"]
[SourceTitle "Corr 2004"]
[Source "ChessBase"]
[SourceDate "2003.04.28"]
[SourceVersion "3"]
[SourceVersionDate "2003.04.28"]
[SourceQuality "1"]

1. e4 c5 2. Nc3 Nc6 3. g3 g6 4. Bg2 Bg7 5. d3 d6 6. f4 e6 7. Nf3 Nge7 8. 0-0 0-0 9. Be3 Nd4 10. e5 dxe5 11. Nxe5 Rb8 12. Ne4 b6 13. c3 Ndf5 14. Bf2 Qc7 15. Rc1 Nd5 16. Qe2 Ba6 17. b4 Nd6 18. b5 Bb7 19. Nxd6 Qxd6 20. Rfe1 Ne7 21. Bxb7 Rxb7 22. d4 cxd4 23. Rcd1 Bxe5 24. fxe5 Qa3 25. c4 Rd7 26. Bxd4 Rfd8 27. Bf2 Nf5 28. Rxd7 Rxd7 29. Rd1 Rxd1+ 30. Qxd1 Qxa2 1/2-1/2

[Event "IECG email"]
[Site "IECG email"]
[Date "1997.??.??"]
[Round "?"]
[White "Weiss, Albert"]
[Black "Bassi, Giancarlo"]
[Result "1-0"]
[WhiteElo "2270"]
[BlackElo "2115"]
[PlyCount "51"]
[EventDate "1997.??.??"]
[EventType "tourn (corr)"]
[EventRounds "6"]
[SourceTitle "Corr 2004"]
[Source "ChessBase"]
[SourceDate "2003.04.28"]
[SourceVersion "3"]
[SourceVersionDate "2003.04.28"]
[SourceQuality "1"]

1. d4 Nf6 2. c4 g6 3. Nc3 Bg7 4. e4 d6 5. f3 0-0 6. Bg5 Nc6 7. Qd2 a6 8. Nge2 Rb8 9. d5 Ne5 10. Nd4 c5 11. Nc2 Ne8 12. Be2 b5 13. cxb5 axb5 14. Nxb5 Nc7 15. Nxc7 Qxc7 16. b3 c4 17. Nd4 Qc5 18. Rc1 Ba6 19. bxc4 Bxc4 20. Nc6 Nxc6 21. dxc6 Bxe2 22. Rxc5 dxc5 23. Bxe7 Rfc8 24. c7 Rxc7 25. Qd6 Rcb7 26. Kxe2 1-0